00883 2200277 4500001002100000005001500021035002000036007000300056008004100059020002200100082001400122084001600136100003700152245014500189300003100334650002000365700002900385264004400414336002100458337003000479338002300509040002100532850001200553990002000565990002000585INLIS00000000087559920221206102241 a0010-1222000035ta221206b2020 jki g ind d a978-623-00-2213-5 4223a649.1 a649.1 DIA m0 aDiah Panca SetiyariniePengarang10aMemberikan keteladanan pada anak :bseni menanamkan karakter baik pada anak-anak di rumah /cDiah Panca Setiyarini; penyunting, Julia Suzana aviii, 216 halaman ;c21 cm 4aPengasuhan anak0 aJulia SuzanaePenyunting31aJakarta :bElex Media Komputindo,c2020 2rdacontentateks 2rdamediaatanpa perantara 2rdacarrieravolume aYOPDYOGbiderda aYOPDYOG a47130-PD/B.2022 a47131-PD/B.2022